000 00551cam a2200217 4500
008 020828n1999 000 0 eng u
020 _a0406981612
020 _a0406981604
035 _a(Sirsi) u119453
041 _aeng.
050 _a348.048
100 _aIvamy, C.
_xEditor
245 4 _aThe All England Law Reports: consolidated tables and index 1936-1998 Volume 1
260 _aLondon
_bButterworths
_c1999
300 _a1065p.
_c25cm.
350 _a265
650 _aCITATORS
650 _aLAW CASES
690 _aLAW
942 _n0
999 _c102316
_d102316